Bilecik Bilecik Bilecik Bilecik Bilecik

Sosyal sigortalar genel uygulama ilkeleri ve sigorta kolları/ (Record no. 34380)

MARC details
000 -BAŞLIK
Sabit Uzunluktaki Kontrol Alanı 01201nam a22003377a 4500
001 - KONTROL NUMARASI
Control Dosyası 0034468
003 - KONTROL NUMARASI KİMLİĞİ
Kontrol Alanı KOHA_MİRAKIL
005 - EN SON İŞLEM TARİHİ ve ZAMANI
Kontrol Alanı 20260207002919.0
007 - FİZİKSEL TANIM SABİT ALAN - GENEL BİLGİ
Sabit uzunluklu kontrol alanı ta
008 - SABİT UZUNLUKTAKİ VERİ ÖGELERİ - GENEL BİLGİ
Sabit Alan 111220b1976 tu |||gr||||#||||0|tur |
040 ## - KATALOGLAMA KAYNAĞI
Özgün Kataloglama Kurumu TR-BiSEU
Kataloglama Dili tur
Çeviri Kurumu TR-BiSEU
Açıklama Kuralları rda
041 0# - DİL KODU
Metin ya da ses kaydının dil kodu tur
044 ## - YAYINLAYAN/ÜRETEN KURULUŞUN ÜLKE KODU
ISO country code tu
050 ## - SINIFLAMA ve YER NUMARASI
Sınıflama Numarası HD7211.93
Yer Numarası .G88 1976
100 1# - KİŞİ ADI
Yazar Adı (Kişi adı) Güven, Ercan.
245 1# - ESER ADI BİLDİRİMİ
Başlık Sosyal sigortalar genel uygulama ilkeleri ve sigorta kolları/
Sorumluluk Bildirimi Ercan Güven ; Ercan Güven.
264 #1 - ÜRERİM, YAYIN, DAĞITIM ve TELİF BİLDİRİMİ
Yayın yeri Eskişehir :
Yayınlayan Eskişehir İktisadi ve Ticari İlimler Akademisi Yayınları
Yayın tarihi 1976
300 ## - FİZİKSEL TANIMLAMA
Sayfa, Cilt vb. 156 s. ;
Boyutları 24 cm.
336 ## - İÇERİK TÜRÜ
Content type term metin
Content type code txt
Source rdacontent
337 ## - MEDYA TÜRÜ
Media type term aracısız
Media type code n
Source rdamedia
338 ## - TAŞIYICI TÜRÜ
Carrier type term cilt
Carrier type code nc
Source rdacarrier
490 1# - DİZİ BİLDİRİMİ
Dizi Bildirimi Eskişehir İktisadi ve Ticari İlimler Akademisi yayınları ;
Cilt Numarası no.
490 1# - DİZİ BİLDİRİMİ
Dizi Bildirimi 149/91
650 #0 - KONU BAŞLIĞI EK GİRİŞ - KONU TERİMİ
Konusal terim veya coğrafi ad Sosyal güvenlik--Türkiye.
9 (RLIN) 6598
650 #0 - KONU BAŞLIĞI EK GİRİŞ - KONU TERİMİ
Konusal terim veya coğrafi ad Sosyal güvenlik--Hukuk ve mevzuat--Türkiye.
9 (RLIN) 6055
650 #0 - KONU BAŞLIĞI EK GİRİŞ - KONU TERİMİ
Konusal terim veya coğrafi ad Social security--Turkey.
9 (RLIN) 6596
650 #0 - KONU BAŞLIĞI EK GİRİŞ - KONU TERİMİ
Konusal terim veya coğrafi ad Social security--Law and legislation--Turkey.
9 (RLIN) 6054
830 1# - SERİ EK GİRİŞİ - TEKBİÇİM ESER ADI
Tekbiçim Başlık Eskişehir İktisadi ve Ticari İlimler Akademisi yayınları ;
Volume number/sequential designation no.
9 (RLIN) 18521
830 1# - SERİ EK GİRİŞİ - TEKBİÇİM ESER ADI
Tekbiçim Başlık 149/91
9 (RLIN) 66471
942 ## - EK GİRİŞ ÖGELERİ (KOHA)
Source of classification or shelving scheme Library of Congress Classification
Koha item type Book
Holdings
Materyal Türü Kalıcı Konum Mevcut Konum Raf Yeri Sınıflandırma Kaynağı Edinim Bilgisi Ana Konular Alt Konular Yer Numarası Demirbaş Numarası Fatura Tarihi Geri Çekilme Durumu Kayıp Durumu Hasarlı Durumu Kredi için değil Kayıt Tarih Toplam Ödünçverme Son Görülme Tarihi Son Kontrol Tarihi Genel / Bağış Notu
Book Prof. Dr. Azmi Özcan Kütüphanesi Prof. Dr. Azmi Özcan Kütüphanesi Uluğbey Salonu Library of Congress Classification Bağış SOSYAL BİLİMLER Endüstriler, Arazi Kullanımı, İşgücü HD7211.93 .G88 1976 0034468 02/02/2026         20/12/2011   05/12/2024 05/12/2024 Genel Bağış